Neighborhood safety, collective efficacy, and obesity in women with young children

Gespeichert in:  
Bibliographische Detailangaben
VerfasserInnen: Burdette, Hillary L. (Verfasst von) ; Whitaker, Robert C. (Verfasst von) ; Wadden, Thomas A. (Verfasst von)
Medienart: Elektronisch Aufsatz
Sprache:Englisch
Veröffentlicht: 2006
In: Obesity
Jahr: 2006, Band: 14, Heft: 3, Seiten: 518-525
Online-Zugang: Volltext (kostenfrei)
Verfügbarkeit prüfen: HBZ Gateway

MARC

LEADER 00000caa a22000002c 4500
001 1912634589
003 DE-627
005 20250124055015.0
007 cr uuu---uuuuu
008 241217s2006 xx |||||o 00| ||eng c
024 7 |a 10.1038/oby.2006.67  |2 doi 
035 |a (DE-627)1912634589 
035 |a (DE-599)KXP1912634589 
040 |a DE-627  |b ger  |c DE-627  |e rda 
041 |a eng 
084 |a 2,1  |2 ssgn 
100 1 |a Burdette, Hillary L.  |e VerfasserIn  |4 aut 
245 1 0 |a Neighborhood safety, collective efficacy, and obesity in women with young children 
264 1 |c 2006 
336 |a Text  |b txt  |2 rdacontent 
337 |a Computermedien  |b c  |2 rdamedia 
338 |a Online-Ressource  |b cr  |2 rdacarrier 
700 1 |a Whitaker, Robert C.  |e VerfasserIn  |4 aut 
700 1 |a Wadden, Thomas A.  |e VerfasserIn  |0 (DE-588)1182341144  |0 (DE-627)1662690002  |4 aut 
773 0 8 |i Enthalten in  |t Obesity  |d Hoboken, NJ : Wiley, 2006  |g 14(2006), 3, Seite 518-525  |h Online-Ressource  |w (DE-627)32448545X  |w (DE-600)2027211-X  |w (DE-576)306829053  |x 1930-739X  |7 nnas 
773 1 8 |g volume:14  |g year:2006  |g number:3  |g pages:518-525 
787 0 8 |i Forschungsdaten  |a Earls, Felton J.  |t Project on Human Development in Chicago Neighborhoods: Community Survey, 1994-1995  |d [Erscheinungsort nicht ermittelbar] : [Verlag nicht ermittelbar], 1999  |w (DE-627)1840056819 
787 0 8 |i Forschungsdaten  |a Brooks-Gunn, Jeanne  |t Fragile Families and Child Wellbeing Study (Public Use Data)  |d [Erscheinungsort nicht ermittelbar] : [Verlag nicht ermittelbar], 2011  |w (DE-627)1902792378 
856 |u https://onlinelibrary.wiley.com/doi/pdfdirect/10.1038/oby.2006.67  |x unpaywall  |z Vermutlich kostenfreier Zugang  |h publisher [deprecated] 
856 4 0 |u https://doi.org/10.1038/oby.2006.67  |x Resolving-System  |z kostenfrei  |3 Volltext  |7 0 
935 |a mkri 
951 |a AR 
ELC |a 1 
LOK |0 000 xxxxxcx a22 zn 4500 
LOK |0 001 463760012X 
LOK |0 003 DE-627 
LOK |0 004 1912634589 
LOK |0 005 20241217044740 
LOK |0 008 241217||||||||||||||||ger||||||| 
LOK |0 035   |a (DE-2619)ICPSR107180 
LOK |0 040   |a DE-2619  |c DE-627  |d DE-2619 
LOK |0 092   |o n 
LOK |0 852   |a DE-2619 
LOK |0 852 1  |9 00 
LOK |0 935   |a nacp 
LOK |0 939   |a 17-12-24  |b l01 
OAS |a 1 
ORI |a SA-MARC-krimdoka001.raw